| 000 | 00494nam a2200145 a 4500 | ||
|---|---|---|---|
| 008 | 120416s1966 ||||||||||||||||| || u | ||
| 050 | _aHG 4026 Bat | ||
| 245 | 1 | 0 | _aManagement accountancy |
| 246 | _aJoseph Batty | ||
| 250 | _a2nd ed. | ||
| 260 |
_aLondon _bMacdonald and Evans _c1966 |
||
| 300 | _axvi, 772p. : ill. | ||
| 350 | _a0.00 | ||
| 995 |
_D0.00 _FCBU-MAIN LIBRARY (Kitwe) _H1 _I3.00 _M1 _UAVAILABLE _ZAnnex Low-Usage Collection |
||
| 999 |
_c49850 _d49850 |
||